Exploring contemporary and popular literature / Nilda B. Bendalan [and four others]. (Record no. 21259)

000 -LEADER
fixed length control field 00682nam a22001817a 4500
020 ## - INTERNATIONAL STANDARD BOOK NUMBER
ISBN 9786210450910
082 ## - DEWEY DECIMAL CLASSIFICATION NUMBER
Classification number 809.04
Item number B4581 2024
100 ## - MAIN ENTRY--AUTHOR NAME
Personal name Bendalan, Nilda B., author.
245 ## - TITLE STATEMENT
Title Exploring contemporary and popular literature / Nilda B. Bendalan [and four others].
250 ## - EDITION STATEMENT
Edition statement First edition.
260 ## - PUBLICATION, DISTRIBUTION, ETC. (IMPRINT)
Place of publication Manila :
Name of publisher Rex Book Store,
Year of publication ©2024.
300 ## - PHYSICAL DESCRIPTION
Number of Pages x, 194 pages ;
Other physical details 26 cm
500 ## - GENERAL NOTE
General note Includes bibliographical references and index.
650 ## - SUBJECT ADDED ENTRY--TOPICAL TERM
Topical Term Literature, Modern -- 20th century -- History and criticism.
650 ## - SUBJECT ADDED ENTRY--TOPICAL TERM
Topical Term Literature, Modern -- 21st century -- History and criticism.
650 ## - SUBJECT ADDED ENTRY--TOPICAL TERM
Topical Term Popular literature -- History and criticism.
942 ## - ADDED ENTRY ELEMENTS (KOHA)
Koha item type Books
Holdings
Source of acquisition Permanent Location Date acquired Koha item type Collection code Accession Number Lost status Shelving location Withdrawn status Current Location Full call number
SchoolCagayan State University - Carig Library2025-08-18BooksLiterature011005 General Collection Cagayan State University - Carig Library809.04 B4581 2024
SchoolCagayan State University - Carig Library2025-08-18BooksLiterature011006 General Collection Cagayan State University - Carig Library809.04 B4581 2024
SchoolCagayan State University - Carig Library2025-08-18BooksLiterature011007 General Collection Cagayan State University - Carig Library809.04 B4581 2024

Cagayan State University University Library, Carig Campus
Tuguegarao City, Cagayan 3500 | www.csucarig.edu.ph

Powered by Koha